000 01192nam0a22002891 4500
001 v19\rc\1742053
005 20260405151845.0
035 _a(NLR Aleph) 005252197
090 _a5815465
_c5815465
100 _a20061204e19021902|||y0rusy50 ca
101 0 _arus
102 _aRU
105 _ay z |||h|
200 1 _aМагнитное поле
_eРечь, произнес. в общ. собр. 2 Всерос. электротехн. съезда в Москве 28 дек. 1901 г. акад. Н.Г. Егоровым
210 _aСанкт-Петербург
_cтип. М. Меркушева
_d1902
215 _a19 с.
_d16
309 _aБез тит. л.
311 _aИз журн. "Электричество". № 3, 1902
488 0 _12001#$aЭлектричество$v1902, № 3
_tЭлектричество
700 1 _8rus
_7ca
_aЕгоров
_bН. Г.
_cфизик
_f1849-1919
_gНиколай Григорьевич
_3RU\NLR\AUTH\7762995
_945925
801 2 _aRU
_bNLR
_c20080327
_2rusmarc
801 0 _aRU
_bNLR
_c20061204
_gpsbo
801 0 _aRU
_bRuMoRGB
_c20061204
_2psbo
801 1 _aRU
_bProSoft-M
_c20061204
_2rusmarc
852 _aNLR
_j18.332.3.428
942 _cBOOK
980 _aNB